|
|
|
|
| LEADER |
00000naa2a2200000 4500 |
| 001 |
609453 |
| 005 |
20231229093252.0 |
| 035 |
|
|
|a (RuTPU)RU\TPU\conf\6934
|
| 035 |
|
|
|a RU\TPU\conf\6930
|
| 090 |
|
|
|a 609453
|
| 100 |
|
|
|a 20141114d2014 k y0rusy50 ca
|
| 101 |
0 |
|
|a rus
|
| 102 |
|
|
|a RU
|
| 105 |
|
|
|a y z 101zy
|
| 135 |
|
|
|a drgn ---uucaa
|
| 181 |
|
0 |
|a i
|
| 182 |
|
0 |
|a b
|
| 200 |
1 |
|
|a Обзор современных методов технической диагностики элементов тепловых сетей, применяемых в реальных условиях
|f И. Л. Москалёв, В. В. Литвак
|g науч. рук. В. В. Литвак
|
| 203 |
|
|
|a Текст
|c электронный
|
| 225 |
1 |
|
|a Электротехника и энергетика (общие вопросы)
|
| 300 |
|
|
|a Заглавие с титульного экрана
|
| 320 |
|
|
|a [Библиогр.: с. 355 (11 назв.)]
|
| 337 |
|
|
|a Adobe Reader
|
| 463 |
|
0 |
|0 (RuTPU)RU\TPU\conf\6754
|t Состояние и пути развития российской энергетики
|o материалы Всероссийской молодёжной научной школы - конференции, г. Томск, 21-23 октября 2014 г.
|f Национальный исследовательский Томский политехнический университет (ТПУ), Энергетический институт (ЭНИН) ; ред. кол. В. Я. Ушаков и др.
|v [С. 352-355]
|d 2014
|
| 610 |
1 |
|
|a труды учёных ТПУ
|
| 610 |
1 |
|
|a электронный ресурс
|
| 610 |
1 |
|
|a современные методы
|
| 610 |
1 |
|
|a техническая диагностика
|
| 610 |
1 |
|
|a тепловые сети
|
| 610 |
1 |
|
|a элементы
|
| 610 |
1 |
|
|a трубопроводы
|
| 610 |
1 |
|
|a измерительный контроль
|
| 610 |
1 |
|
|a сварные соединения
|
| 610 |
1 |
|
|a надежность
|
| 610 |
1 |
|
|a теплоносители
|
| 700 |
|
1 |
|a Москалёв
|b И. Л.
|
| 701 |
|
1 |
|a Литвак
|b В. В.
|c специалист в области теплоэнергетики
|c профессор Томского политехнического университета, доктор технических наук
|f 1940-
|g Валерий Владимирович
|3 (RuTPU)RU\TPU\pers\25676
|9 11587
|
| 702 |
|
1 |
|a Литвак
|b В. В.
|c специалист в области теплоэнергетики
|c профессор Томского политехнического университета, доктор технических наук
|f 1940-
|g Валерий Владимирович
|4 727
|
| 712 |
0 |
2 |
|a Национальный исследовательский Томский политехнический университет (ТПУ)
|b Энергетический институт (ЭНИН)
|b Кафедра атомных и тепловых электростанций (АТЭС)
|3 (RuTPU)RU\TPU\col\18683
|
| 801 |
|
2 |
|a RU
|b 63413507
|c 20220221
|g RCR
|
| 856 |
4 |
|
|u http://earchive.tpu.ru/handle/11683/69711
|
| 856 |
4 |
|
|u http://www.lib.tpu.ru/fulltext/c/2014/C82/101.pdf
|
| 942 |
|
|
|c BK
|